Statistics for Programming Languages (L-Z)

Click here to take the quiz!

General Stats

  • This quiz has been taken 26 times
  • The average score is 28 of 420

Answer Stats

Answer% Correct
P"
100%
P
100%
PL/P
100%
Python
100%
PL/S
95%
S
95%
S/SL
95%
R++
90%
R
90%
M#
86%
PL/M
86%
T
86%
Q
81%
Q#
81%
Z++
81%
X++
76%
PL/C
71%
PHP
62%
Ruby
57%
SP/k
57%
PL/B
52%
PL/SQL
52%
SQL
52%
LIS
48%
Perl
48%
Rust
48%
MATLAB
43%
Swift
43%
Lisp
38%
Objective-C
38%
Pascal
38%
PL/I
38%
Lua
33%
Mad/I
33%
Scala
33%
TIE
29%
TypeScript
29%
PowerShell
19%
Scratch
19%
QBASIC
14%
Racket
14%
Scheme
14%
Logo
10%
ML
10%
occam
10%
PL/0
10%
WebAssembly
10%
LabVIEW
5%
LISA
5%
Malbolge
5%
Modula
5%
Nu
5%
OCaml
5%
Prolog
5%
RTL/2
5%
Simulink
5%
SMALL
5%
Smalltalk
5%
Snap!
5%
TAL
5%
TeX
5%
TEX
5%
Tom
5%
Turing
5%
TXL
5%
Vim script
5%
Zebra
5%
ABL
0%
Ladder
0%
Language H
0%
LANSA
0%
Lasso
0%
Lava
0%
LC-3
0%
Lean
0%
Legoscript
0%
LIL
0%
LilyPond
0%
Limbo
0%
Limnor
0%
LINC
0%
Lingo
0%
LINQ
0%
Lite-C
0%
Lithe
0%
Little b
0%
LiveCode
0%
LiveScript
0%
LLL
0%
Logtalk
0%
LotusScript
0%
LPC
0%
LSE
0%
LSL
0%
Lucid
0%
Lustre
0%
LYaPAS
0%
Lynx
0%
M2001
0%
M4
0%
Machine Code
0%
MAD
0%
Magik
0%
Magma
0%
Máni
0%
Maple
0%
MAPPER
0%
MARK-IV
0%
Mary
0%
MASM
0%
MATH-MATIC
0%
Maude system
0%
Max
0%
Maxima
0%
MaxScript
0%
Maya
0%
MDL
0%
Mercury
0%
Mesa
0%
M Formula language
0%
MHEG-5
0%
Microcode
0%
Microsoft Power Fx
0%
MIIS
0%
Milk
0%
MIMIC
0%
Mirah
0%
Miranda
0%
MIVA Script
0%
Model 204
0%
Modelica
0%
Modula-2
0%
Modula-3
0%
Mohol
0%
MOO
0%
Mortran
0%
Mouse
0%
MPD
0%
MSL
0%
MUMPS
0%
MuPAD
0%
Mutan
0%
NASM
0%
Neko
0%
Nemerle
0%
NESL
0%
Net.Data
0%
NetLogo
0%
NetRexx
0%
NewLISP
0%
NEWP
0%
Newspeak
0%
NewtonScript
0%
Nial
0%
Nickle
0%
Nim
0%
Nix
0%
Not eXactly C
0%
Not Quite C
0%
NPL
0%
NSIS
0%
NWScript
0%
NXT-G
0%
Oak
0%
Oberon
0%
OBJ2
0%
Object Lisp
0%
ObjectLOGO
0%
Object Pascal
0%
Object REXX
0%
Obliq
0%
occam-π
0%
Octave
0%
OmniMark
0%
Opa
0%
Opal
0%
Open CL
0%
OpenQASM
0%
OpenVera
0%
OPL
0%
OPS5
0%
OptimJ
0%
Orc
0%
ORCA/Modula-2
0%
Oriel
0%
Orwell
0%
o:XML
0%
Oxygene
0%
Oz
0%
P4
0%
ParaSail
0%
PARI/GP
0%
Pascal Script
0%
PCASTL
0%
PCF
0%
PDL
0%
PEARL
0%
PeopleCode
0%
Pharo
0%
Pico
0%
Picolisp
0%
Pict
0%
Pike
0%
PILOT
0%
Pipelines
0%
Pizza
0%
PL-11
0%
PL360
0%
PLANC
0%
Plankalkül
0%
Planner
0%
PLEX
0%
PLEXIL
0%
Plus
0%
POP-11
0%
POP-2
0%
PortablE
0%
PostScript
0%
POV-Ray SDL
0%
PowerBuilder
0%
Powerhouse
0%
PPL
0%
Pro*C
0%
Processing
0%
Processing.js
0%
Prograph
0%
Project Verona
0%
PROMAL
0%
Promela
0%
PROSE modeling
0%
PROTEL
0%
ProvideX
0%
Pure
0%
Pure Data
0%
PureScript
0%
PWCT
0%
Qalb
0%
.QL
0%
QPL
0%
QtScript
0%
QuakeC
0%
Quantum Computation
0%
Quick Basic
0%
Raku
0%
RAPID
0%
Rapira
0%
Ratfiv
0%
Ratfor
0%
rc
0%
Reason
0%
REBOL
0%
Red
0%
Redcode
0%
REFAL
0%
REXX
0%
Ring
0%
ROOP
0%
RPG
0%
RPL
0%
RSL
0%
S2
0%
S3
0%
SabreTalk
0%
SA-C
0%
SAIL
0%
SAKO
0%
SAS
0%
SASL
0%
Sather
0%
Sawzall
0%
SBL
0%
Scilab
0%
ScratchJr
0%
Script.NET
0%
Sed
0%
Seed7
0%
Self
0%
SenseTalk
0%
SequenceL
0%
Serpent
0%
SETL
0%
Short Code
0%
SIGNAL
0%
SiMPLE
0%
SIMPLE
0%
SIMPOL
0%
SIMSCRIPT
0%
Simula
0%
SISAL
0%
SKILL
0%
S-Lang
0%
SLIP
0%
SML
0%
SNOBOL
0%
Snowball
0%
Sol
0%
Solitidy
0%
SOPHAEROS
0%
Source
0%
SPARK
0%
Speakeasy
0%
Speedcode
0%
SPIN
0%
S-PLUS
0%
SPS
0%
SQR
0%
Squeak
0%
Squirrel
0%
SR
0%
Starlogo
0%
Stata
0%
Stateflow
0%
Strand
0%
Strongtalk
0%
Subtext
0%
SuperCollider
0%
Superplan
0%
SuperTalk
0%
SYMPL
0%
TACL
0%
TACPOL
0%
TADS
0%
Tcl
0%
Tea
0%
TECO
0%
TELCOMP
0%
TMG
0%
Toi
0%
Topspeed
0%
TPU
0%
Trac
0%
Transcript
0%
T-SQL
0%
TTCN
0%
TTM
0%
TUTOR
0%
Tynker
0%
Ubercode
0%
UCSD Pascal
0%
Umple
0%
Unicon
0%
Uniface
0%
UNITY
0%
UnrealScript
0%
Vala
0%
Verse
0%
Viper
0%
Visual DataFlex
0%
Visual DialogScript
0%
Visual FoxPro
0%
Visual J++
0%
Visual LISP
0%
Visual Objects
0%
Visual Prolog
0%
WATFIV
0%
WebDNA
0%
Whiley
0%
Winbatch
0%
Wolfram Language
0%
Wyvern
0%
X10
0%
xBase++
0%
XBL
0%
XC
0%
xHarbour
0%
XL
0%
Xod
0%
Xojo
0%
XOTcl
0%
XPL
0%
XPL0
0%
XQuery
0%
XSB
0%
XSharp
0%
XSLT
0%
Xtend
0%
Yoix
0%
Yorick
0%
YQL
0%
Zeno
0%
ZetaLisp
0%
Zip
0%
Zonnon
0%
ZOPL
0%
ZPL
0%
Z shell
0%

Score Distribution

Percentile by Number Answered

Percent of People with Each Score

Your Score History

You have not taken this quiz